| 000 | 00483nam a2200181Ia 4500 | ||
|---|---|---|---|
| 001 | 7661 | ||
| 005 | 20260306160511.0 | ||
| 008 | 260306t2011||||xx |||||||||||||| ||spa|| | ||
| 041 | _aESP | ||
| 082 |
_a353.550974 _bG72 |
||
| 100 |
_aGonzález Tejeda, Leonardo _eAUT |
||
| 245 | 0 |
_aEconomía y política de la vivienda en México: _banálisis económico urbano |
|
| 260 | _c2011 | ||
| 300 |
_a128 páginas : _c22 cm. |
||
| 650 | _aGEN | ||
| 654 | _aCAN | ||
| 942 |
_cLIB _dJUS _fJUS _2ddc _n |
||
| 999 |
_c7661 _d7661 |
||